01120nam a2200217Ia 450000500170000000800410001702000180005805000260007610000410010224501020014325000170024526000420026230000240030433600100032833700140033833800140035250400890036650502880045565000750074370000840081820231102150846.0120626s20022010M 000 0 SPA d a9786074480528 aC BF76.7 bP8318 2010 aGUERRA Frías, Miroslavaetraductor aManual de publicaciones de la American Psychological Associationc / tr. Miroslava Guerra Frías a3a edición aMéxico b : Manual Modernoc , 2010 axvii: 260 páginas atexto asin medio avolúmen aIncluye: índice de contenido, lista de tablas y figuras, apéndice y referencias aEstilo de redacción para las ciencias sociales y conductuales Estructura y contenido del manuscrito Cómo escribir con claridad y precisión Aspectos prácticos de estilo Visualización de resultados Citación de las fuentes Ejemplos de referencias El proceso de publicación a1. PSICOLOGIA -- ARTE DE ESCRIBIR -- MANUALES xAUTORIAvCOMUNICACION  aSilvia Rosa Peña Alfaro Gonzálezerevisión y adaptación lingüística